Normal view
MARC view
- اللغة العربية-الموسم الثقافي الثاني لمجمع اللغة العربية الاردني
Entry Topical Term
001 - CONTROL NUMBER
- control field: 13933
003 - CONTROL NUMBER IDENTIFIER
- control field: JO-AjAnu
005 - DATE AND TIME OF LATEST TRANSACTION
- control field: 20230606072528.0
008 - FIXED-LENGTH DATA ELEMENTS
- fixed length control field: 230606|| aca||aabn | a|a d
040 ## - CATALOGING SOURCE
- Original cataloging agency: JO-AjAnu
- Transcribing agency: JO-AjAnu
150 ## - HEADING--TOPICAL TERM
- Topical term or geographic name entry element: اللغة العربية-الموسم الثقافي الثاني لمجمع اللغة العربية الاردني
670 ## - SOURCE DATA FOUND
- Source citation: Work cat.: (JO-AjAnu)7163: تاليف منشورات مجمع اللغة العربية الاردني, author 13932, الموسم الثقافي الثاني لمجمع اللغة العربية الاردني